Statistics for 10 Historical People You Probably Don't Know

Click here to take the quiz!

General Stats

  • This quiz has been taken 74 times
  • The average score is 3 of 10

Answer Stats

CluePerson% Correct
The real-life inspiration for DraculaVlad the Impaler
92%
Muslim commander who battled the Crusaders and earned their respectSaladin
79%
Dutchman who "discovered" TasmaniaAbel Tasman
62%
Most well-known Zulu leaderShaka
59%
The Master's mate under the command of William Bligh who lead the Mutiny on the Bounty against BlighFletcher Christian
13%
Most well-known Sapa Inca kingPachacuti
10%
English botanist on the HMS EndeavourJoseph Banks
4%
First female governor of an Australian state and a pioneer of the Australian women's rights movementRoma Mitchell
3%
First European known to have seen the Coast of AustraliaWillem Janszoon
3%
The first permanent Norse settler of Iceland who founded Reykjavík in 874Ingólfr Arnarson
1%

Score Distribution

Percentile by Number Answered

Percent of People with Each Score

Your Score History

You have not taken this quiz